Statistics for LEGO Star Wars: The Complete Saga: Playable Characters

Click here to take the quiz!

General Stats

  • This quiz has been taken 5,921 times
    (5,594 since last reset)
  • The average score is 77 of 136

Answer Stats

Answer% Correct
Ben Kenobi
96%
Ben Kenobi (Ghost)
96%
Obi-Wan Kenobi (Episode III)
96%
Obi-Wan Kenobi (Jedi Master)
96%
Obi-Wan Kenobi (Padawan)
96%
Luke Skywalker (Bespin)
95%
Luke Skywalker (Dagobah)
95%
Luke Skywalker (Endor)
95%
Luke Skywalker (Hoth)
95%
Luke Skywalker (Jedi)
95%
Luke Skywalker (Pilot)
95%
Luke Skywalker (Stormtrooper)
95%
Luke Skywalker (Tatooine)
95%
Anakin Skywalker (Boy)
94%
Anakin Skywalker (Ghost)
94%
Anakin Skywalker (Jedi)
94%
Anakin Skywalker (Padawan)
94%
Princess Leia
94%
Han Solo
93%
Han Solo (Endor)
93%
Han Solo (Hood)
93%
Han Solo (Hoth)
93%
Han Solo (Skiff)
93%
Han Solo (Stormtrooper)
93%
Darth Vader
92%
Princess Leia (Bespin)
92%
Princess Leia (Boushh)
92%
Princess Leia (Endor)
92%
Princess Leia (Hoth)
92%
Princess Leia (Prisoner)
92%
Princess Leia (Slave)
92%
Yoda
92%
Yoda (Ghost)
92%
The Emperor
91%
R2-D2
90%
C-3PO
89%
Queen Amidala
88%
Qui-Gon Jinn
88%
Padme (Battle)
86%
Padme (Casual)
86%
Padme (Clawed)
86%
Padme (Geonosis)
86%
Chewbacca
82%
Boba Fett
81%
Boba Fett (Boy)
81%
Mace Windu
81%
Darth Maul
80%
Jango Fett
79%
Snowtrooper
79%
Beach Trooper
78%
Sandtrooper
78%
Stormtrooper
78%
Chancellor Palpatine
76%
Count Dooku
76%
Jar Jar Binks
76%
Clone Trooper
74%
Clone Trooper (Episode III)
74%
Clone Trooper (Episode III, Pilot)
74%
Clone Trooper (Episode III, Swamp)
74%
Clone Trooper (Episode III, Walker)
74%
Disguised Clone
74%
Lando Calrissian
68%
Lando (Skiff Guard)
68%
Droid 1
66%
Droid 2
66%
Droid 3
66%
Droid 4
66%
General Grievous
64%
Kit Fisto
56%
Battle Droid
50%
Battle Droid (Commander)
50%
Battle Droid (Geonosis)
50%
Battle Droid (Security)
50%
Ewok
50%
Ki-Adi-Mundi
47%
Rebel Engineer
47%
Rebel Friend
47%
Rebel Pilot
47%
Rebel Trooper
47%
Rebel Trooper (Hoth)
47%
Commander Cody
45%
Imperial Guard
44%
Droideka
42%
Gonk Droid
41%
Bossk
38%
Captain Panaka
38%
Greedo
38%
IG-88
38%
Super Battle Droid
38%
Wicket
38%
R4-P17
37%
Imperial Engineer
36%
Imperial Officer
36%
Imperial Shuttle Pilot
36%
Imperial Spy
36%
Watto
34%
Shaak Ti
33%
Wookie
33%
Jawa
32%
Grand Moff Trakin
30%
Admiral Ackbar
28%
Geonosian
28%
Indiana Jones
28%
Bib Fortuna
27%
Dengar
27%
Boss Nass
25%
Tusken Raider
25%
Luminara
24%
TC-14
23%
Mace Windu (Episode III)
21%
4-LOM
20%
Captain Antilles
18%
Lobot
17%
Tie Fighter Pilot
15%
Mouse Droid
14%
Captain Tarpals
13%
Lama Su
13%
Scout Trooper
13%
Naboo Royal Guard
12%
Zam Wesell
12%
Gamorrean Guard
11%
Skiff Guard
10%
Taun We
10%
Bespin Guard
9%
AT-AT Driver
8%
PK Droid
8%
Palace Guard
7%
Womp Rat
7%
Han Solo frozen in carbonite
6%
Ugnaught
6%
Death Star Trooper
5%
R2-Q5
5%
Skeleton
4%
Buzz Droid
3%
Grievous' Bodyguard
3%
Training Remote
2%

Score Distribution

Percentile by Number Answered

Percent of People with Each Score

Your Score History

You have not taken this quiz since the last reset